000 00506nam a2200181Ia 4500
005 20250326124301.0
008 250326s9999 xx 000 0 und d
037 _aTextbook
040 _aFMSL
_beng
_cFMSL
041 _aeng
_2eng
084 _aX:513 L4
_qFMSL
100 _aComanor W S
_9737156
245 0 _aAdvertising and market power
_cComanor W S; Wilson T A
260 _aUSA
_bUSA, Harvard University
_c1974
300 _a257p
942 _cTB
_hX:513 L4
999 _c1273091
_d1273091